International Construction Measurement Standards (Record no. 115948)
[ view plain ]
| 000 -LEADER | |
|---|---|
| fixed length control field | 01300cam a22002415a 4500 |
| 001 - CONTROL NUMBER | |
| control field | L159489 |
| 008 - FIXED-LENGTH DATA ELEMENTS--GENERAL INFORMATION | |
| fixed length control field | 170801s2017 xxk f 000 0 eng d |
| 020 ## - INTERNATIONAL STANDARD BOOK NUMBER | |
| ISBN | 9781783211975 |
| 035 ## - SYSTEM CONTROL NUMBER | |
| System control number | (Sirsi) u159489 |
| 041 0# - LANGUAGE CODE | |
| Language code of text/sound track or separate title | eng |
| 050 04 - Library of Congress Classification | |
| Class mark | 692.3095 |
| 110 2# - MAIN ENTRY--CORPORATE NAME | |
| Corporate author | International Construction Measurement Standards Coalition |
| 240 ## - UNIFORM TITLE | |
| Uniform title | <a href="ICMS">ICMS</a> |
| 245 00 - TITLE STATEMENT | |
| Title | International Construction Measurement Standards |
| Subtitle | Global Consistency in Presenting Construction Costs |
| 260 ## - PUBLICATION INFORMATION | |
| Place of publication | London |
| Publisher | ICMSC |
| Date | 2017 |
| 490 #0 - SERIES TITLE | |
| Series statement | RICS Guidance Note |
| 520 ## - ABSTRACT | |
| Abstract | International Construction Measurement Standards (ICMS) aim to provide global consistency in classifying, defining, measuring, analysing and presenting entire construction costs at a project, regional, state, national or international level. This project is the first of its kind with global coverage and brings together many organisations from around the world to create shared international standards for presenting entire construction costs. This first edition focuses on capital costs, however future editions of ICMS may incorporate other matters such as costs-in-use. Superseded by 2 ed 9781783213757. |
| 590 ## - LOCAL NOTE (RLIN) | |
| Local note | KA |
| 651 #4 - SUBJECT ADDED ENTRY--GEOGRAPHIC NAME | |
| Geographic name | International |
| 690 ## - BROAD SUBJECT | |
| Broad subject | Construction management |
| 9 (RLIN) | 6230 |
| 690 ## - BROAD SUBJECT | |
| Broad subject | Measurement |
| 9 (RLIN) | 6256 |
| 942 ## - ADDED ENTRY ELEMENTS (KOHA) | |
| Suppress in OPAC | Do not suppress in OPAC |
| Lost status | Source of classification or shelving scheme | Damaged status | Not for loan | Home library | Current library | Shelving location | Date acquired | Total Checkouts | Full call number | Barcode | Date last seen | Copy number | Price effective from | Koha item type |
|---|---|---|---|---|---|---|---|---|---|---|---|---|---|---|
| Dewey Decimal Classification | London | London | RICS Boxes | 01/08/2017 | RICS 2017/8 | 30078462 | 06/08/2019 | 1 | 06/08/2019 | Archive | ||||
| Dewey Decimal Classification | London | London | RICS Boxes | 01/08/2017 | RICS 2017/8 | 30078463 | 06/08/2019 | 2 | 06/08/2019 | Reference material | ||||
| Dewey Decimal Classification | London | London | RICS Boxes | 01/08/2017 | RICS 2017/8 | 30078464 | 06/08/2019 | 3 | 06/08/2019 | Reference material |